Statistics for Largest Cities of Bangla Speaking Areas

Click here to take the quiz!

General Stats

  • This quiz has been taken 25 times
  • The average score is 5 of 23

Answers on the Map

Answers color-coded by a green-red scale on the quiz's map according to % correct below.
 

Answer Stats

PopulationCity% Correct
11.08MDhaka
90%
14.05MKolkata
76%
3.66MChittagong
71%
1.04MKhulna
38%
1.24MAsansol
24%
223KCox's Bazar
24%
389KMymensingh
24%
526KSylhet
19%
400KAgartala
14%
339KBarisal
14%
580KDurgapur
14%
763KRajshahi
14%
705KSiliguri
14%
346KBardhaman
10%
412KBogra
10%
407KComilla
10%
200KHaldia
10%
253KJessore
10%
299KKharagpur
10%
313KMalda
10%
328KRangpur
10%
304KBramhapur
0%
239KDhulian
0%

Score Distribution

Percentile by Number Answered

Percent of People with Each Score

Your Score History

You have not taken this quiz